| 000 | 01240cam a22003495a 4500 | ||
|---|---|---|---|
| 999 |
_c13387 _d13387 |
||
| 003 | EG-ScBUE | ||
| 005 | 20201014100821.0 | ||
| 008 | 090530t2010 njua f b 001 0 eng d | ||
| 020 | _a9780132465588 | ||
| 020 | _a0132465582 | ||
| 035 | _a(OCoLC)ocm84838716 | ||
| 035 | _a(OCoLC)84838716 | ||
| 040 |
_aEG-ScBUE _beng _erda _dEG-ScBUE _cEG-ScBUE |
||
| 082 | 0 | 4 |
_a005.13 _bSEB _222 |
| 100 | 1 |
_aSebesta, Robert W., _eauthor. _95612 |
|
| 245 | 1 | 0 |
_aConcepts of programming languages / _cRobert W. Sebesta, University of Colorado at Colorado Springs. |
| 250 | _aNinth edition. | ||
| 250 | _aInternational edition. | ||
| 264 | 1 |
_aNew Jersey : _bPearson Education, Inc., _c[2010] |
|
| 264 | 4 | _cc2010 | |
| 300 |
_a783 pages : _billustrations ; _c25 cm |
||
| 336 |
_2rdacontent _atext _btxt |
||
| 337 |
_2rdamedia _aunmediated _bn |
||
| 338 |
_2rdacarrier _avolume _bnc |
||
| 504 | _aIncludes bibliographical references and index. | ||
| 590 | _adoaa mohamed | ||
| 650 | 7 |
_aProgramming languages (Electronic computers) _2BUEsh _95613 |
|
| 653 |
_bCOMSCI _cOctober2020 |
||
| 655 |
_vReading book _934232 |
||
| 856 | 4 | 1 |
_3Table of contents only _uhttp://www.loc.gov/catdir/toc/ecip0711/2007006846.html |
| 942 |
_cBB _k005.13 SEB _2ddc |
||